Física: fundamentos y fronteras
Gardado en:
| Main Authors: | , |
|---|---|
| Formato: | Libro |
| Idioma: | Lingua castelá |
| Publicado: |
Ciudad de México
Publicaciones Cultural S.A
1967
|
| Edición: | 1a. ed |
| Subjects: | |
| Tags: |
Engadir etiqueta
Sen Etiquetas, Sexa o primeiro en etiquetar este rexistro!
|
MARC
| LEADER | 00000nam a2200000 a 4500 | ||
|---|---|---|---|
| 001 | UCL7722 | ||
| 003 | CL-VaPUC | ||
| 008 | 040528e19670000MX |||||||||||||||||spa|d | ||
| 082 | 0 | 4 | |a 530 |b STO |2 21 |
| 100 | 0 | |a Stollberg, Robert |e author |9 485631 | |
| 700 | 0 | |a Hill, Faith Fitch |e author |9 485632 | |
| 245 | 1 | 0 | |a Física: fundamentos y fronteras |
| 250 | |a 1a. ed | ||
| 300 | |a 692 p | ||
| 942 | |c BK | ||
| 945 | |d 20040528 00:00:00 |a cmena | ||
| 260 | |a Ciudad de México |b Publicaciones Cultural S.A |c 1967 | ||
| 650 | 0 | |a Física |9 227844 | |
| 650 | 0 | |a Fuerza |9 345825 | |
| 650 | 0 | |a Electrónica |9 263192 | |
| 650 | 0 | |a Electricidad |9 260222 | |
| 650 | 0 | |a Radiación |9 259874 | |
| 650 | 0 | |a Ondas |9 260165 | |
| 583 | |a last modification |c 20040528 00:00:00 |k Rodrigo Vera | ||
| 999 | |c 309345 |d 309343 | ||
| 952 | |0 0 |1 0 |4 0 |6 530_000000000000000_STO_1967 |7 0 |8 A |9 376772 |a BIBGIM |b BIBGIM |d 2019-11-21 |i 4019075 |o 530 STO 1967 |p 4019075 |r 2025-01-15 |w 2019-11-21 |y BK |k GIM | ||